| 000 | 00467nam a2200169 a 4500 | ||
|---|---|---|---|
| 001 | BRCA_8896 | ||
| 005 | 20190320210441.0 | ||
| 008 | 160617s1749----sp-#######---#000-0#spa-# | ||
| 041 | _aspa | ||
| 084 |
_aCO59 _b.1749 |
||
| 100 | 1 |
_aN/A _921678 |
|
| 245 | 1 | 0 |
_aSin portada _c1749 |
| 300 |
_a[6], 416 p. (t.2) _c20.1 x 14.9 cm |
||
| 500 | _aEstado físico: presenta encuadernación en pergamino, carece de portada y con cintas rotas | ||
| 902 | _aCFM | ||
| 942 |
_2lcc _cB |
||
| 999 |
_c8547 _d8547 |
||